000 00271nam a2200109Ia 4500
005 20251222114415.0
008 251222s1900||||xx |||||||||||||| ||spa||
082 _aDVD0092/H53/2000
245 0 _aTradiciones culturales e identidad en el PerĂº
264 _bTNP
942 _cDVD
999 _c2178
_d2178